000 00603cam a22002053a 4500
001 39937
003 PGUSA
005 20140828083906.0
008 120607s2012||||xxu|||||s|||||000 | eng d
040 _aPGUSA
_beng
042 _adc
100 1 _aHooker, Forrestine C.
_q(Forrestine Cooper),
_d1867-1932
245 1 4 _aThe Long Dim Trail
_h[electronic resource] /
_cForrestine C. Hooker
260 _bProject Gutenberg,
_c2012
506 _aPublic domain in the USA.
516 _aElectronic text
830 0 _aProject Gutenberg
_v39937
856 4 0 _uhttp://www.gutenberg.org/ebooks/39937
942 _cEB
999 _c269190
_d269190